Movies Quiz

Random Movies or Letter Quiz

Hide Your 'K' Movies Quiz Stats

 Plays Quiz Updated Aug 28, 2019

Score 0/21 Timer 06:00
0 Plays Today
% Correct
King Kong
(2005)
95.7%
Knocked Up
(2007)
95.2%
Kingpin
(1996)
95.1%
The King's Speech
(2010)
93.9%
The Karate Kid
(1984)
92.8%
Kill Bill: Vol. 1
(2003)
92.5%
Kick-Ass
(2010)
90.9%
A Knight's Tale
(2001)
89.9%
The Killing Fields
(1984)
89.2%
Kingdom of Heaven
(2005)
87.2%
Kramer vs. Kramer
(1979)
86.3%
% Correct
Kiss the Girls
(1997)
82.8%
Kindergarten Cop
(1990)
79.4%
The Kids
Are All Right
(2010)
75.4%
Keeping Up
with the Joneses
(2016)
73.8%
K-PAX
(2001)
72.6%
Knowing
(2009)
71.6%
Kate & Leopold
(2001)
71.3%
Killing Them Softly
(2012)
63.8%
Killer Joe
(2011)
60.5%
Kiss Kiss
Bang Bang
(2005)
57.5%

You're not logged in!

Compare scores with friends on all Sporcle quizzes.
OR
Log In

Sporcle TV

Today on Sporcle TV


Watch our educational content, quiz creation guides, and fun videos on Sporcle TV.

Show Comments

Extras

Top Quizzes Today


Score Distribution

Your Account Isn't Verified!

In order to create a playlist on Sporcle, you need to verify the email address you used during registration. Go to your Sporcle Settings to finish the process.

Report this User

Report this user for behavior that violates our Community Guidelines.

Details: